[Event "Basel Easter op"]
[Site "Basel"]
[Date "2024.03.28"]
[Round "1"]
[White "Sakthivel, Heamish Kanha"]
[Black "Rohrer, Christophe"]
[Result "1/2-1/2"]
[WhiteElo "2064"]
[BlackElo "2327"]
[PlyCount "69"]
[EventDate "2024.03.28"]
[EventType "swiss"]
[EventRounds "9"]
[EventCountry "SUI"]
[SourceTitle "CB14_2024"]
[SourceDate "2024.04.01"]
[SourceVersion "1"]
[SourceVersionDate "2024.04.01"]
[SourceQuality "1"]

1. e4 e5 2. Nf3 Nc6 3. Bb5 a6 4. Ba4 d6 5. 0-0 Bg4 6. c3 Qf6 7. Bxc6+ bxc6 8. d4 Bxf3 9. Qxf3 Qxf3 10. gxf3 f6 11. Be3 g6 12. Nd2 Bg7 13. f4 exd4 14. cxd4 f5 15. e5 Kd7 16. Rac1 Ne7 17. Nc4 Rhb8 18. Rc2 a5 19. Re2 a4 20. Rfe1 Nd5 21. Bd2 Re8 22. Kg2 Rab8 23. Kf3 Rb5 24. Rd1 Re6 25. Be1 Bh6 26. Bd2 Re8 27. Ree1 Ra8 28. Rc1 Bg7 29. Rc2 Ra6 30. Ne3 Bh6 31. Nxd5 Rxd5 32. Bc3 Ra8 33. Rce2 Re8 34. h3 Re6 35. Rg1 1/2-1/2

[Event "Basel Christmas op"]
[Site "Basel"]
[Date "2023.12.30"]
[Round "9"]
[White "Sakthivel, Heamish Kanha"]
[Black "Hoffmann, Sebastian1"]
[Result "1/2-1/2"]
[WhiteElo "2001"]
[BlackElo "2176"]
[PlyCount "75"]
[EventDate "2023.12.26"]
[EventType "swiss"]
[EventRounds "9"]
[EventCountry "SUI"]
[SourceTitle "CB02_2024"]
[SourceDate "2024.01.10"]
[SourceVersion "1"]
[SourceVersionDate "2024.01.10"]
[SourceQuality "1"]

1. e4 c6 2. d4 d5 3. Nc3 dxe4 4. Nxe4 Nf6 5. Nxf6+ exf6 6. c3 Bd6 7. Bd3 0-0 8. Qc2 Re8+ 9. Ne2 h5 10. Be3 Nd7 11. 0-0-0 Nf8 12. Kb1 Be6 13. c4 Rc8 14. Nc3 g6 15. Ne4 Be7 16. Nc5 Bxc5 17. dxc5 Qa5 18. h3 Rcd8 19. g4 h4 20. b3 Qc7 21. Bc1 Bc8 22. Bb2 Qf4 23. Qc3 Nd7 24. Qd4 Qf3 25. Bc2 Re2 26. g5 Rde8 27. Qxh4 Qxf2 28. Qxf2 Rxf2 29. Rhe1 Rxe1 30. Rxe1 Kf8 31. h4 Rf4 32. Rh1 Ke7 33. Re1+ Kd8 34. gxf6 Nxf6 35. Be5 Rf2 36. Bd4 Rf3 37. Bd1 Rf4 38. Be5 1/2-1/2

[Event "Lisbon Portugal op"]
[Site "Lisbon"]
[Date "2020.01.27"]
[Round "4"]
[White "Hulshof, Peter"]
[Black "Sakthivel, Heamish Kanha"]
[Result "1-0"]
[WhiteElo "2192"]
[BlackElo "1584"]
[PlyCount "109"]
[EventDate "2020.01.25"]
[EventType "swiss"]
[EventRounds "9"]
[EventCountry "POR"]
[SourceTitle "CBM 194"]
[Source "ChessBase"]
[SourceDate "2020.01.27"]
[SourceVersion "1"]
[SourceVersionDate "2020.01.27"]
[SourceQuality "1"]

1. e4 c5 2. Nc3 d6 3. g3 g6 4. Bg2 Bg7 5. d3 Nc6 6. f4 e6 7. Nf3 Nge7 8. 0-0 0-0 9. Be3 b6 10. d4 d5 11. exd5 Nf5 12. Bf2 Ncxd4 13. Ne5 Rb8 14. dxe6 Bxe6 15. Ne4 f6 16. Nd3 Bc4 17. Re1 Nxc2 18. Qxc2 Qxd3 19. Qa4 Bb5 20. Qxa7 Qd7 21. Qxd7 Bxd7 22. Rad1 Rbd8 23. Nc3 h5 24. Nd5 Bc6 25. Nxb6 Bxg2 26. Kxg2 Nd4 27. Re7 f5 28. Nd7 Nc6 29. Re6 Rf7 30. Rxc6 Rfxd7 31. Rxd7 Rxd7 32. Bxc5 Rd2+ 33. Kh3 Rxb2 34. Rxg6 Rxa2 35. Bd4 Rd2 36. Rxg7+ Kf8 37. Rd7 Ke8 38. Rd5 Rd3 39. Re5+ Kd7 40. Bg1 Rd1 41. Kg2 Kc6 42. Rxf5 Kd6 43. Rxh5 Ke6 44. Re5+ Kf6 45. h4 Rd2+ 46. Kf3 Kg6 47. Be3 Ra2 48. h5+ Kg7 49. g4 Ra3 50. g5 Rd3 51. h6+ Kh7 52. Re7+ Kh8 53. g6 Rxe3+ 54. Kxe3 Kg8 55. Re8# 1-0

[Event "Pattaya op"]
[Site "Pattaya"]
[Date "2019.10.28"]
[Round "7"]
[White "Wong, Zi Yue"]
[Black "Sakthivel, Heamish Kanha"]
[Result "1-0"]
[WhiteElo "1673"]
[BlackElo "1785"]
[PlyCount "61"]
[EventDate "2019.10.23"]
[EventType "swiss"]
[EventRounds "9"]
[EventCountry "THA"]
[SourceTitle "CBM 195 Extra"]
[Source "ChessBase"]
[SourceDate "2020.05.31"]
[SourceVersion "1"]
[SourceVersionDate "2020.05.31"]
[SourceQuality "1"]

1. e4 c5 2. d3 d6 3. g3 g6 4. Bg2 Bg7 5. f4 Nc6 6. Nf3 e6 7. 0-0 Nge7 8. c3 d5 9. e5 0-0 10. Be3 b6 11. Bf2 Bb7 12. Na3 a6 13. Qe2 Rb8 14. Rab1 Qd7 15. b4 cxb4 16. cxb4 b5 17. Bc5 Rfc8 18. Nc2 Nf5 19. g4 Nfe7 20. Ncd4 Nxd4 21. Nxd4 Nc6 22. Nb3 Bf8 23. f5 Bxc5+ 24. Nxc5 Qe7 25. f6 Qc7 26. Qe3 Kh8 27. Qh6 Rg8 28. Rf3 Qxe5 29. Rh3 Qd4+ 30. Kh1 Qxf6 31. Qxh7# 1-0

[Event "Veliko Gradiste Silver Lake op"]
[Site "Veliko Gradiste"]
[Date "2019.06.21"]
[Round "7"]
[White "Sakthivel, Heamish Kanha"]
[Black "Radonjic, Milan"]
[Result "1-0"]
[WhiteElo "1731"]
[BlackElo "2040"]
[PlyCount "45"]
[EventDate "2019.06.16"]
[EventType "swiss"]
[EventRounds "9"]
[EventCountry "SRB"]
[SourceTitle "CBM 191 Extra"]
[Source "ChessBase"]
[SourceDate "2019.09.30"]
[SourceVersion "1"]
[SourceVersionDate "2019.09.30"]
[SourceQuality "1"]

1. e4 c6 2. d4 d5 3. Nc3 dxe4 4. Nxe4 Nf6 5. Nxf6+ exf6 6. c3 Bd6 7. Bd3 0-0 8. Qc2 h6 9. Ne2 Qc7 10. Be3 Be6 11. Qd2 f5 12. c4 Qe7 13. 0-0 g5 14. f4 f6 15. Ng3 Qd7 16. Qc2 Bxf4 17. Bxf4 Qxd4+ 18. Kh1 gxf4 19. Nxf5 Bxf5 20. Bxf5 Na6 21. Be6+ Kg7 22. Rad1 Nb4 23. Qf5 1-0

[Event "Veliko Gradiste Silver Lake op"]
[Site "Veliko Gradiste"]
[Date "2019.06.20"]
[Round "6"]
[White "Srdanovic, Jovana"]
[Black "Sakthivel, Heamish Kanha"]
[Result "1/2-1/2"]
[WhiteElo "2033"]
[BlackElo "1731"]
[PlyCount "71"]
[EventDate "2019.06.16"]
[EventType "swiss"]
[EventRounds "9"]
[EventCountry "SRB"]
[SourceTitle "CBM 191 Extra"]
[Source "ChessBase"]
[SourceDate "2019.09.30"]
[SourceVersion "1"]
[SourceVersionDate "2019.09.30"]
[SourceQuality "1"]

1. d4 Nf6 2. c4 e6 3. Nc3 Bb4 4. e3 0-0 5. Nge2 d5 6. a3 Bxc3+ 7. Nxc3 b6 8. cxd5 exd5 9. b4 Bf5 10. Be2 Nbd7 11. 0-0 c6 12. a4 Re8 13. b5 c5 14. Bf3 Ne4 15. Nxd5 cxd4 16. exd4 Rc8 17. Ne3 Nc3 18. Qd2 Ne4 19. Qb4 Bg6 20. Bb2 Ndf6 21. Rad1 Nd5 22. Nxd5 Qxd5 23. Rc1 Qg5 24. h4 Qf4 25. Rxc8 Rxc8 26. d5 Qd2 27. Qxd2 Nxd2 28. Rd1 Nxf3+ 29. gxf3 f6 30. d6 Kf7 31. Ba3 Bf5 32. Kg2 h5 33. Rd4 Ke6 34. Kg3 Kd7 35. Bb4 Be6 36. Bd2 1/2-1/2

[Event "Penang op 10th"]
[Site "Penang"]
[Date "2018.12.05"]
[Round "5"]
[White "Sakthivel, Heamish Kanha"]
[Black "Chembeti, Shreesh Amit"]
[Result "1/2-1/2"]
[WhiteElo "1339"]
[BlackElo "1676"]
[PlyCount "21"]
[EventDate "2018.12.03"]
[EventType "swiss"]
[EventRounds "9"]
[EventCountry "MAS"]
[SourceTitle "CBM 187 Extra"]
[Source "ChessBase"]
[SourceDate "2018.11.04"]
[SourceVersion "1"]
[SourceVersionDate "2018.11.04"]
[SourceQuality "1"]

1. e4 e5 2. Nf3 Nc6 3. d4 exd4 4. Nxd4 Nf6 5. Nxc6 bxc6 6. Bd3 Be7 7. e5 Nd5 8. Qg4 g6 9. Bh6 Bf8 10. Bg5 Be7 11. Bh6 1/2-1/2

[Event "Penang op 10th"]
[Site "Penang"]
[Date "2018.12.04"]
[Round "3"]
[White "Sakthivel, Heamish Kanha"]
[Black "Elisabeth, Christine"]
[Result "1/2-1/2"]
[WhiteElo "1339"]
[BlackElo "1798"]
[PlyCount "69"]
[EventDate "2018.12.03"]
[EventType "swiss"]
[EventRounds "9"]
[EventCountry "MAS"]
[SourceTitle "CBM 187 Extra"]
[Source "ChessBase"]
[SourceDate "2018.11.04"]
[SourceVersion "1"]
[SourceVersionDate "2018.11.04"]
[SourceQuality "1"]

1. e4 e5 2. Nf3 Nc6 3. d4 exd4 4. Nxd4 Nf6 5. Nxc6 bxc6 6. Bd3 d5 7. e5 Ng4 8. 0-0 Be7 9. Qe2 f6 10. exf6 Nxf6 11. Re1 Kf7 12. Bg5 Bg4 13. f3 Bd7 14. Nc3 Rb8 15. Rab1 Bb4 16. Kh1 Re8 17. Qd2 Be6 18. a3 Be7 19. Bf4 Qd7 20. b4 Bd6 21. Bg5 Bf5 22. Bxf6 Kxf6 23. Bxf5 Qxf5 24. Qd4+ Be5 25. Qc5 Re6 26. f4 Bxc3 27. Qxc3+ Kf7 28. Rxe6 Qxe6 29. Re1 Qf6 30. Qh3 Kg8 31. Qd7 Qxf4 32. Re8+ Rxe8 33. Qxe8+ Qf8 34. Qe6+ Kh8 35. h3 1/2-1/2

[Event "Penang op 10th"]
[Site "Penang"]
[Date "2018.12.03"]
[Round "1"]
[White "Sakthivel, Heamish Kanha"]
[Black "Ismail, Ahmad"]
[Result "1/2-1/2"]
[WhiteElo "1339"]
[BlackElo "1956"]
[PlyCount "95"]
[EventDate "2018.12.03"]
[EventType "swiss"]
[EventRounds "9"]
[EventCountry "MAS"]
[SourceTitle "CBM 187 Extra"]
[Source "ChessBase"]
[SourceDate "2018.11.04"]
[SourceVersion "1"]
[SourceVersionDate "2018.11.04"]
[SourceQuality "1"]

1. e4 d5 2. exd5 Nf6 3. Nf3 Qxd5 4. d4 Bg4 5. Be2 Nc6 6. h3 Bxf3 7. Bxf3 Qd7 8. 0-0 0-0-0 9. c3 e5 10. Bxc6 Qxc6 11. Be3 Bc5 12. Na3 Bxa3 13. bxa3 Nd5 14. Qg4+ Kb8 15. dxe5 Nxc3 16. Kh1 h5 17. Qb4 Nd5 18. Qb3 Rhe8 19. Rfc1 Qa6 20. Rab1 c6 21. Rc4 Qb5 22. Qc2 Nxe3 23. fxe3 Qxe5 24. Rcb4 Re7 25. Qxc6 Rdd7 26. Qc4 Rc7 27. Qd3 Re8 28. Qb3 Qe7 29. a4 Rec8 30. Qa3 Qe6 31. Qb2 Qa6 32. Qe5 Ka8 33. Rd4 Qe6 34. Qg3 a6 35. Rbd1 f6 36. Rd8 Rc1 37. Rxc8+ Qxc8 38. Rxc1 Qxc1+ 39. Kh2 g5 40. Qf3 Qc7+ 41. Kh1 h4 42. Qxf6 Qc1+ 43. Kh2 Qxe3 44. Qd8+ Ka7 45. Qd7 Qf4+ 46. Kh1 Qc1+ 47. Kh2 Qc4 48. Kh1 1/2-1/2